| 000 | 01508nam a22003377a 4500 | ||
|---|---|---|---|
| 001 | 6534 | ||
| 003 | FISKH | ||
| 005 | 20250508103312.0 | ||
| 008 | 250508b cb ||||| |||| 00| 0 eng d | ||
| 020 | _a9780545331340 | ||
| 040 |
_aCNRCS _beng _cCNRCS _dBTCTA _dQS4 _dIFA _dRNL _dEHH _dIMT _dSINLB _dIHI _dBDX _dOCLCQ _dZGH _dDLC |
||
| 050 | _a PZ7 .T3384 | ||
| 082 | _a853.92 | ||
| 100 |
_aGeronimo, Stilton _d(1958-) |
||
| 130 | 0 |
_aTesoro di ghiaccio. _lEnglish |
|
| 245 | 1 | 0 |
_aThea Stilton and the ice treasure / _cGeronimo Stilton |
| 250 | _aThis edition first published in 2011 | ||
| 260 |
_aNew York : _bScholastic, _c2011. |
||
| 300 |
_a158 pages : _bcolor illustrations ; _c20 cm. |
||
| 505 | _aR | ||
| 520 | _a"In this fabumouse adventure, the Thea Sisters head to Alaska, where they're attending a conference held by an important ecological association. Their host and his family are native Alaskans, who show the mouselings their favorite games and activities. But soon there's trouble - the Thea Sisters discover that someone is upsetting the ecosystem by blowing up the ice with explosives! Can the Thea Sisters figure out what's going on and save the day?"--Publisher. | ||
| 521 |
_a740
_bLexile |
||
| 521 |
_aR
_bRaz-Plus |
||
| 650 | 0 |
_aMice _vJuvenile fiction. |
|
| 650 | 0 |
_aJournalists _vJuvenile fiction. |
|
| 650 | 1 |
_aMice _vFiction. |
|
| 700 | 1 |
_aBattan, Alessandro, _dillustrator |
|
| 906 |
_a7 _bcbc _ccopycat _d2 _encip _f20 _gy-gencatlg |
||
| 942 |
_2ddc _cBK _n0 |
||
| 999 |
_c6534 _d6534 |
||